[Event "IND-ch U15"]
[Site "Thrissur"]
[Date "2014.08.08"]
[Round "7"]
[White "Rahul, Srivatshav P"]
[Black "Prakashram, R."]
[Result "1-0"]
[WhiteElo "1980"]
[BlackElo "1859"]
[PlyCount "99"]
[EventDate "2014.08.04"]
[EventType "swiss"]
[EventRounds "11"]
[EventCountry "IND"]
[SourceTitle "CBM 162 Extra"]
[Source "ChessBase"]
[SourceDate "2014.10.17"]
[SourceVersion "1"]
[SourceVersionDate "2014.10.17"]
[SourceQuality "1"]

1. d4 d5 2. Bf4 c5 3. e3 Nf6 4. c3 Nc6 5. Nd2 e6 6. Bd3 Qb6 7. Rb1 Bd7 8. Ngf3 Nh5 9. Bg3 Nxg3 10. hxg3 h6 11. Qe2 Be7 12. a3 a5 13. 0-0 a4 14. Ne5 Nxe5 15. dxe5 0-0 16. f4 Qa7 17. Kh1 b5 18. e4 c4 19. Bc2 d4 20. cxd4 Qxd4 21. Nf3 Qc5 22. Nh2 b4 23. axb4 Qxb4 24. f5 Rfd8 25. f6 Bf8 26. fxg7 Bxg7 27. Ng4 Bb5 28. Rf2 Qc5 29. Qf3 Ra7 30. Qf4 Rad7 31. Kh2 Bc6 32. Rbf1 Bb5 33. Nxh6+ Bxh6 34. Qxh6 Qf8 35. Qh4 f5 36. exf5 Rh7 37. Qxh7+ Kxh7 38. fxe6+ Kg8 39. Bh7+ Kg7 40. Rf7+ Qxf7 41. Rxf7+ Kh6 42. Be4 Re8 43. e7 Rh8 44. g4 c3 45. bxc3 a3 46. Kg3 Be8 47. Rf6+ Kg7 48. Ra6 Kf7 49. Ra7 Ke6 50. Rxa3 1-0